|
|
|
|
| LEADER |
00000cam a2200000 7i4500 |
| 001 |
0000001456 |
| 005 |
20151222.0 |
| 008 |
070705 |
| 020 |
|
|
|a 0431182442
|
| 090 |
0 |
0 |
|a ANM
|b ENG
|
| 100 |
1 |
|
|a Petty, Kate
|
| 245 |
1 |
0 |
|a Animal movement
|c Kate Petty
|
| 260 |
|
|
|a London :
|b David West Children's Books ,
|c 2003
|
| 440 |
|
|
|a Nature files
|
| 500 |
|
|
|a Children ages 10-12 years old (pink)
|
| 650 |
|
0 |
|a Animal locomotion
|x Juvenile literature
|
| 999 |
|
|
|a 0000954832
|b Book
|c Children Collection
|e Cawangan Batu Pahat
|
| 999 |
|
|
|a 0000954833
|b Book
|c Children Collection
|e Cawangan Bandar Tenggara
|
| 999 |
|
|
|a 0000954834
|b Book
|c Children Collection
|e Cawangan Tmn. Ungku Tun Aminah
|
| 999 |
|
|
|a 0001077271
|b Book
|c Children Collection
|e Cawangan Bukit Gambir
|